Т. 4 : 1922 - 1924: [сборник научных трудов]; Ежегодник Русского палеонтологического общества

Podrobná bibliografie
Parent link:Ежегодник Русского палеонтологического общества/ Русское палеонтологическое общество. Т. 4 : 1922 - 1924.— , 1917-1934
Další autoři: Борисяк А. А. Алексей Алексеевич (редактор), Залесский М. Д. Михаил Дмитриевич, Рябинин А. Н. Анатолий Николаевич
Jazyk:ruština
angličtina
latina
Vydáno: 1926
Témata:
Médium: MixedMaterials Kniha
KOHA link:https://koha.lib.tpu.ru/cgi-bin/koha/opac-detail.pl?biblionumber=338304

MARC

LEADER 00000nam2a2200000 4500
001 338304
005 20231102005032.0
035 |a (RuTPU)RU\TPU\book\364793 
090 |a 338304 
100 |a 20171122d1926 k y0rusy50 ca 
101 0 |a rus  |a eng  |a lat 
102 |a RU 
105 |a a z 001zy 
200 0 |a Т. 4 : 1922 - 1924  |e [сборник научных трудов]  |f под ред. А. А. Борисяка , М. Д. Залесского, А. Н. Рябинина 
210 |d 1926 
215 |a 172 с.  |c ил.  |e 2 табл. 
320 |a Библиогр. в тексте 
461 1 |0 (RuTPU)RU\TPU\book\159037  |t Ежегодник Русского палеонтологического общества  |f Русское палеонтологическое общество  |v Т. 4 : 1922 - 1924  |d 1917-1934 
606 1 |a Палеонтология  |2 stltpush  |3 (RuTPU)RU\TPU\subj\47998  |9 66880 
610 1 |a библиотека М. А. Усова 
610 1 |a аммониты 
610 1 |a онтогения 
610 1 |a филогения 
610 1 |a морские лилии 
610 1 |a строение 
610 1 |a аномалии 
610 1 |a ископаемые 
610 1 |a носороги 
610 1 |a беспозвоночные 
610 1 |a паразитизм 
610 1 |a насекомые 
610 1 |a происхождение 
610 1 |a эволюция 
610 1 |a хроника 
610 1 |a заметки 
610 1 |a отчеты 
675 |a 56  |v 4 
702 1 |a Борисяк  |b А. А.  |c российский геолог  |c палеонтолог  |c академик АН СССР  |f 1872-1944  |g Алексей Алексеевич  |2 stltpush  |3 (RuTPU)RU\TPU\pers\13840  |4 340  |9 4352 
702 1 |a Залесский  |b М. Д.  |c палеоботаник  |c палеоэнтомолог  |c геолог  |f 1877-1946  |g Михаил Дмитриевич  |2 stltpush  |3 (RuTPU)RU\TPU\pers\22195  |4 340  |9 9408 
702 1 |a Рябинин  |b А. Н.  |c профессор палеонтологии Московской горной академии (1918-1922)  |c директор Геологического комитета (1919-1923)  |f 1874-1942  |g Анатолий Николаевич  |2 stltpush  |3 (RuTPU)RU\TPU\pers\23732  |9 10413 
801 1 |a RU  |b 63413507  |c 20171122 
801 2 |a RU  |b 63413507  |c 20180219  |g RCR 
942 |c BK